Wszystkie państwa które kiedyś były komunistyczne - Statystyki

Ogólne statystyki
  • Ten quiz został rozwiązany 39 razy
  • Średni wynik to 17 z 34
Statystyki odpowiedzi
Hint Odpowiedź % Poprawnych
Europa/azja Rosja
100%
Azja Chiny
97%
Europa Polska
97%
Azja Korea północna
94%
Ameryka północna Kuba
94%
Europa Niemcy
94%
Europa Rumunia
90%
Europa Bułgaria
84%
Europa Czechosłowacja
84%
Azja Wietnam
84%
Europa Jugosławia
81%
Europa Węgry
74%
Azja Laos
71%
Europa Albania
68%
Azja Kambodża
61%
Azja Mongolia
52%
Europa Finlandia
48%
Afryka Etiopia
45%
Europa Łotwa
45%
Afryka Mozambik
45%
Afryka Kongo
42%
Azja Afganistan
39%
Azja Jemen
39%
Afryka Angola
35%
Afryka Somalia
29%
Afryka Benin
13%
Ameryka północna Grenada
6%
Europa Komuna paryska
3%
Azja Republika mahabad
3%
Azja Republika tuwińska
3%
Europa Bawarska republika rad
0%
Europa Bremska republika rad
0%
Europa Galicyjska republika rad
0%
Europa Litbieł
0%
Nie znaleziono quizów pasujących do podanych kryteriów
Rozkład punktacji
Procent ludzi z każdym wynikiem
Percentyl według liczby udzielonych odpowiedzi
Twoja historia wyników
Nie rozwiązałeś tego quizu